Agenda Fiscal movil 2014

Detalles Bibliográficos
Formato: eBook
Lenguaje:español
Publicado: Mx̌ico DF: Ediciones Fiscales ISEF, 2014
Materias:
Acceso en línea:Acceso restringido

MARC

LEADER 00000nam a22000007a 4500
005 20140603210635.0
007 cr|||| ||||
008 140603s2014 mx |||||s|||| 00||0 spa d
020 |a 978-607-406-626-5 
035 |a 12208 
040 |a vLex 
090 |c 4983  |d 4983 
245 0 0 |a Agenda Fiscal movil 2014  |h [Recurso electrn̤ico] / 
256 |a Servicio en ln̕ea 
260 |a Mx̌ico DF:  |b Ediciones Fiscales ISEF,  |c 2014 
300 |a 1 recurso electrn̤ico 
506 1 |a Disponible solo en los productos indicados  |d vLex Global  |d vLex Global (Academic Edition, excluding Law Schools)  |d vLex Global (U.S. Academic Edition, Law Schools)  |d vLex Global (U.S. Academic Edition, excluding Law Schools)  |d vLex Global (Academic Edition, Law Schools) 
650 0 4 |a Derecho Fiscal  |z Mx̌ico 
740 0 |a vLex Libros (Servicio en ln̕ea) 
856 4 0 |u http://vlex.com/source/agenda-fiscal-movil-2014-12208  |z Acceso restringido 
942 |c BOOK 
999 0 |a Tax Law